Efeso y Calcedonia

Spremljeno u:
Bibliografski detalji
Glavni autor: Camelot, Pierre Thomas (Autor)
Format: Knjiga
Jezik:španjolski
Izdano: Vitoria-Gasteiz Eset 1971
Izdanje:1a. ed
Serija:Historia de los Concilios Ecuménicos, 2
Teme:
Oznake: Dodaj oznaku
Bez oznaka, Budi prvi tko označuje ovaj zapis!

MARC

LEADER 00000cam a2200000 a 4500
001 UCE8184
003 CL-VaPUC
008 150728e19710000sp |||||||||||||||||spa|d
082 0 4 |a 262.52  |b CAM  |2 21 
100 0 |a Camelot, Pierre Thomas  |e author  |9 580918 
245 1 0 |a Efeso y Calcedonia 
250 |a 1a. ed 
300 |a 267 p 
942 |c BK 
945 |d 20150728 02:04:00  |a gsalatino 
260 |a Vitoria-Gasteiz  |b Eset  |c 1971 
650 0 |a Concilios ecuménicos   |9 399684 
650 0 |a Historia religiosa  |9 314583 
583 |a last modification  |c 20150728 02:04:00  |k Rodrigo Vera 
490 0 |a Historia de los Concilios Ecuménicos, 2 
999 |c 360123  |d 360121 
952 |0 0  |1 0  |3 erb  |4 0  |6 262_520000000000000_CAM_1971  |7 0  |8 A  |9 469765  |a BIBTEO  |b BIBTEO  |e Casale Rolle, Carlos Ignacio, -2014  |i 5181682  |l 1  |o 262.52 CAM 1971  |p 5181682  |r 2025-01-17  |s 2024-05-13  |w 2019-11-23  |y BK  |z Catalogado en:20150728  |k ICR